World Resousces 1994 - 95 : A guide to the global environment

Zapisane w:
Opis bibliograficzny
1. autor: a
Format: Książka
Język:Undetermined
Wydane: New York Oxford university Press 1994
Etykiety: Dodaj etykietę
Nie ma etykietki, Dołącz pierwszą etykiete!
Thư viện lưu trữ: Trung tâm Học liệu Trường Đại học Cần Thơ
LEADER 00430nam a2200157Ia 4500
001 CTU_65360
008 210402s9999 xx 000 0 und d
020 |b 584600 
082 |a 900 
082 |b W927 
100 |a a 
245 0 |a World Resousces 1994 - 95 : A guide to the global environment 
260 |a New York 
260 |b Oxford university Press 
260 |c 1994 
980 |a Trung tâm Học liệu Trường Đại học Cần Thơ